Dolce Camara (Booba ft. SDM) - Statistiques

Statistiques générales
  • Ce quiz a été pris 798 fois
  • Le résultat moyen est 219 sur 430
Statistiques - réponses
Réponse % Correct
ça
92%
le
91%
Le
91%
à
90%
À
90%
de
90%
la
88%
La
88%
beau
84%
C'est
84%
c'est
84%
je
84%
Je
84%
qui
83%
en
82%
En
82%
j'suis
82%
J'suis
82%
sa
81%
se
80%
du
79%
J'ai
79%
j'ai
79%
les
78%
On
78%
on
78%
mer
77%
pas
76%
au
75%
beurre
74%
Dolce
74%
Camara
73%
grand
73%
tout
73%
séducteur
72%
besoin
71%
il
71%
comme
70%
est
70%
shit
70%
mère
69%
suis
69%
veulent
69%
dans
68%
et
68%
mon
68%
qu'ils
68%
pizza
66%
coke
65%
D-U-R
65%
fruits
65%
filtré
64%
plus
64%
Plus
64%
Demdem
63%
d'parler
63%
piscine
63%
aux
62%
débordement
62%
BG
61%
des
61%
Elle
61%
elle
61%
j'arrive
61%
J'arrive
61%
un
61%
M-U-R
60%
aime
58%
bien
58%
mes
58%
que
58%
cambre
57%
cheveux
57%
fait
57%
projet
57%
tire
57%
accueillir
56%
cellulaires
56%
savent
56%
ses
56%
tous
56%
caméras
55%
deux
55%
main
55%
Pour
55%
R2-D2
55%
aucun
54%
fédé
54%
son
54%
sous
54%
veut
54%
chambre
53%
j'vois
53%
miens
53%
numéro
53%
prochain
53%
puis
53%
terre
53%
toutes
53%
avec
52%
combattre
52%
Enterrer
52%
entrer
52%
fraîches
52%
fuck
52%
l'ancienne
52%
s'éteint
52%
Faites
51%
l'empire
51%
WhatsApp
51%
J'aide
50%
j'crois
50%
m'faut
50%
OG
50%
ceux
49%
France
49%
monde
49%
avant
48%
michtos
48%
ont
48%
rime
48%
sur
48%
précis
47%
bang
46%
dos
46%
m'projeter
46%
chance
44%
l'uppercut
43%
d'prendre
42%
Rondo
42%
(sale)
42%
sans
42%
J'finis
41%
j'vais
41%
fini
40%
l'asile
40%
crochet
39%
piégé
39%
rhabille
39%
sourire
39%
d'fous
38%
j'me
38%
m'poser
38%
l'maki
37%
peine
37%
sont
37%
riche
36%
larmes
35%
Bongo
34%
étouffe
33%
ville
33%
d'forniquer
32%
halal
32%
kabyle
32%
moi
31%
père
30%
Riolo
30%
enseigne
25%
d'la
23%
D'la
23%
donne
23%
cité
22%
la cité
22%
ce-for
21%
ne
21%
ton
21%
mimi
20%
technique
20%
t'es
20%
J'descends
19%
mois
19%
six
19%
prends
18%
qu'on
18%
singe
18%
bas
17%
phone
17%
années
16%
bah
16%
Devant
16%
dix
16%
insulte
16%
Okay
16%
piégée
16%
Liotta
15%
Mip-mip
15%
Ronnie
15%
Seedorf
15%
visser
15%
affranchi
14%
font
14%
DUC
13%
Eh
13%
fédéraux
13%
juste
13%
m'prends
13%
saga
13%
Saga
13%
géné
12%
quand
12%
scène
12%
yéti
12%
Izi
11%
IZI
11%
nez
11%
rit
11%
taille
11%
Cigare
10%
C'qu'ils
10%
d'un
10%
Ils
10%
jaune
10%
j'les
10%
che-bou
9%
nous
9%
vue
9%
92i
8%
aveugles
8%
BAC
8%
business
8%
chef
8%
crois
8%
encaisse
8%
J'fais
8%
mais
8%
nouvelle
8%
reste
8%
vrai
8%
carré
7%
met
7%
verre
7%
chôme
6%
costume
6%
même
6%
Poto
6%
rondes
6%
serveur
6%
soie
6%
aiment
5%
Greenzer
5%
l'argent
5%
obligés
5%
soif
5%
vends
5%
verte
5%
Y'a
5%
biatchs
4%
che-blan
4%
d'faire
4%
entourés
4%
re-fou
4%
USKY
4%
choses
3%
d'faux
3%
Douk
3%
jobbe
3%
Solo
3%
j'paie
2%
teilles
2%
dyab
1%
ïe-Tha
1%
ouvre
1%
Bouh
0%
Aucun quiz correspondant
Distribution des résultats
% des personnes avec chaque résultat
Percentile par nombre de réponses
Votre historique - résultats
Vous n’avez pas pris ce quiz